000 00329nam a22001337a 4500
008 241130b |||||||| |||| 00| 0 eng d
022 _a9770971757005
041 _aEng
245 _aDalal Street Investment Journal
260 _a Investors India
_bMumbai
_c2024
300 _a66;. P.
856 _uwww.dsij.in
942 _cSR
_s1
999 _c43149
_d43149